Plaváreň Chrasť, Žilina

Na minha lista:
Detalhes bibliográficos
Autor principal: Križo, Michal (Author)
Outros Autores: Macháčová, Klára (Thesis advisor)
Formato: Manuscrito Livro
Idioma:eslovaco
Publicado em: Bratislava 2023
Assuntos:
Acesso em linha:http://is.stuba.sk/zp/portal_zp.pl?podrobnosti=170418
Tags: Adicionar Tag
Sem tags, seja o primeiro a adicionar uma tag!

MARC

LEADER 00000ntm a22000003a 4500
001 stuzp93700
003 SK-STU
005 20231005092921.0
007 ta
008 150427s2015----xo-----f-mn---000-0-slo-d
040 |a STU  |b slo 
041 0 |a slo 
100 1 |a Križo, Michal  |u 052120  |k Z3  |4 aut  |U FAD Fakulta architektúry a dizajnu  |T FAD Ústav ekologickej a experimentálnej architektúry  |X 93737  |U A2120  |Y 393  |7 93737 
242 0 1 |a Swimming pool Chrast, Zilina  |y eng 
245 1 0 |a Plaváreň Chrasť, Žilina 
260 |c 2023  |a Bratislava 
650 4 |a plaváreň  |2 slo 
650 4 |a multisenzorickosť  |2 slo 
650 4 |a mentálna mapa  |2 slo 
650 4 |a architektonická štúdia  |2 slo 
650 4 |a biofilný dizajn  |2 slo 
650 4 |a príroda  |2 slo 
650 4 |a mental map  |2 eng 
650 4 |a architectural study  |2 eng 
650 4 |a swimming hall  |2 eng 
650 4 |a biophilic design  |2 eng 
650 4 |a nature  |2 eng 
650 4 |a multisensory experience  |2 eng 
700 1 |a Macháčová, Klára  |u 052120  |k Z1  |4 ths  |U FAD Fakulta architektúry a dizajnu  |T FAD Ústav ekologickej a experimentálnej architektúry  |X 42509  |U A2120  |Y 393  |7 A000042509 
856 4 |u http://is.stuba.sk/zp/portal_zp.pl?podrobnosti=170418  |u https://opac.crzp.sk/?fn=detailBiblioForm&sid=1755732D0F093F437BA036EAC795